Normal view
MARC view
- Palacios, Antonia,
Entry Nombre Personal
001 - NUMERO DE CONTROL
- campo de control: 43856
003 - IDENTIFICADOR DE NUMERO DE CONTROL
- campo de control: UPN
005 - FECHA Y HORA DE LA ÜLTIMA TRANSACCIÓN
- campo de control: 20220228115025.0
008 - DATOS DE LONGITUD FIJA
- campo de control de longitud fija: 220228|| aca||aabn | aaa d
040 ## - FUENTE DE CATALOGACIÓN
- Agencia original de catalogación: UPN
053 #4 - NÚMERO DE CLASIFICACIÓN LC
- Número de clasificación elemento-número único o número inicial de tramo: PQ8549 P3.4
100 1# - ENCABEZAMIENTO - NOMBRE PERSONAL
- Nombre personal: Palacios, Antonia,
- Fechas asociadas con el nombre: 1904-2001
670 ## - FUENTE EN LA QUE SE LOCALIZARON DATOS
- Cita de la fuente: LC
680 ## - NOTA PUBLICA DE ACCESO PÚBLICO
- Frase explicativa de la referencia: Poeta, novelista y ensayista venezolana
902 ## - CATALOGADOR
- Catalogador: CAA/280222
